| 000 | 00743nam a2200253Ia 4500 | ||
|---|---|---|---|
| 003 | OSt | ||
| 005 | 20220928112532.0 | ||
| 006 | a|||||r|||| 00| 0 | ||
| 007 | ta | ||
| 008 | 220927b |||||||| |||| 00| 0 eng d | ||
| 020 | _cEURO 99.99 | ||
| 024 | _a137390 | ||
| 037 |
_b309, 27/02/2018, Classic Book Service _cTextual |
||
| 040 |
_aSDCL _cSDCL _beng |
||
| 041 |
_2eng _aeng |
||
| 082 | _aO-:g(S:56), Q7 | ||
| 100 |
_aBradway Tyler _9428607 |
||
| 245 | 0 |
_aQueer experimental literature _b The affective politics of bad reading |
|
| 260 | _c2017 | ||
| 300 |
_aIxii,268p. _ccm. |
||
| 650 | _aEnglish | ||
| 942 |
_hO-:g(S:56), Q7 _cTEXL _2CC |
||
| 999 |
_c745158 _d745158 |
||